[Event "Dulles Skyline op-B"]
[Site "Dulles"]
[Date "2022.10.10"]
[Round "6"]
[White "Zhang, Joyce"]
[Black "Sene, El Hadji Ibra"]
[Result "0-1"]
[WhiteElo "1530"]
[BlackElo "1863"]
[PlyCount "62"]
[EventDate "2022.10.08"]
[EventType "swiss"]
[EventRounds "6"]
[EventCountry "USA"]
[SourceTitle "CBM 210 Extra"]
[Source "ChessBase"]
[SourceDate "2022.11.30"]
[SourceVersion "1"]
[SourceVersionDate "2022.11.30"]
[SourceQuality "1"]

1. e4 c6 2. d4 d5 3. Nc3 dxe4 4. Nxe4 Nf6 5. Nxf6+ exf6 6. Nf3 Bd6 7. Bd3 0-0 8. 0-0 Bg4 9. h3 Bh5 10. c4 Qc7 11. Be3 Re8 12. Qc2 Bxf3 13. Bxh7+ Kh8 14. gxf3 g6 15. Bxg6 fxg6 16. Kg2 Qh7 17. Rad1 Nd7 18. c5 Bc7 19. Rh1 Rad8 20. Rdg1 Re7 21. Kf1 Nf8 22. h4 Qh5 23. f4 Rde8 24. f5 Qxf5 25. Qxf5 gxf5 26. Rh3 f4 27. Bd2 Re2 28. Bc3 Nd7 29. h5 Rc2 30. Rf3 Rc1+ 31. Kg2 Rg8+ 0-1